000 00294nam a2200121Ia 4500
008 240109s9999 xx 000 0 und d
041 _aeng
100 _aRathore P.S.
245 _adiscover the Power within
260 _bSterling Pub Ltd ,NewDelhi
300 _a206
650 _aManagement
999 _c1035735
_d1035735